| 000 | 00000cas 2200000zi 4500 |
| 001 | 9.937224 |
| 003 | CaOODSP |
| 005 | 20260323134628 |
| 006 | m o d f |
| 007 | cr ||||||||||| |
| 008 | 240419d20242024oncux m o f0###b0fre|d |
| 040 | |aCaOODSP|bfre|erda|cCaOODSP |
| 043 | |an-cn--- |
| 086 | 1 |aFB3-6F-PDF |
| 245 | 00|aDocument d'analyse du personnel = |bStaff discussion paper. |
| 246 | 11|aStaff discussion paper |
| 264 | 1|a[Ottawa] : |bBanque du Canada = Bank of Canada, |c2024- |
| 310 | |aIrrégulier |
| 336 | |atexte|btxt|2rdacontent/fre |
| 337 | |ainformatique|bc|2rdamedia/fre |
| 338 | |aressource en ligne|bcr|2rdacarrier/fre |
| 500 | |aPublié aussi en anglais sous le titre : Staff discussionpaper. |
| 710 | 2 |aBanque du Canada, |eorganisme de publication. |
| 775 | 08|tStaff discussion paper = |w(CaOODSP)9.806273 |